Youth $ Conflict; Reseacrch into Youth Involvement in Conflicts (Record no. 2195)

MARC details
000 -LEADER
fixed length control field 00366nam a22001337a 4500
008 - FIXED-LENGTH DATA ELEMENTS--GENERAL INFORMATION
fixed length control field 250310b |||||||| |||| 00| 0 eng d
020 ## - INTERNATIONAL STANDARD BOOK NUMBER
ISBN 9789784854344
100 ## - MAIN ENTRY--AUTHOR
Author Momoh Abubakar
245 ## - TITLE STATEMENT
Title Youth $ Conflict; Reseacrch into Youth Involvement in Conflicts
260 ## - PUBLICATION, DISTRIBUTION, ETC. (IMPRINT)
Place of publication Abuja
Name of publisher Action Aid Nigeria
Date of publication 2008
300 ## - COLLATION
Pagination x,96p
942 ## - ADDED ENTRY ELEMENTS (KOHA)
Item type Books
050 ## - LIBRARY OF CONGRESS CALL NUMBER
Classification number HQ799.2
Item number .V56
Holdings
Source of classification or shelving scheme Not for loan Permanent location Current location Date acquired Accession No. Full call number Barcode. Koha item type
Library of Congress Classification   Samuel Ogbemudia Main Library, University of Abuja Samuel Ogbemudia Main Library, University of Abuja 03/10/2025 2024/6203031 HQ799.2.V56 2025-0432 Books
Library of Congress Classification   Samuel Ogbemudia Main Library, University of Abuja Samuel Ogbemudia Main Library, University of Abuja 03/10/2025 2024/6203031 HQ799.2.V56 2025-0433 Books